| 000 | 00460nam a2200169Ia 4500 | ||
|---|---|---|---|
| 008 | 140316s9999 xx 000 0 und d | ||
| 020 | _a9781435453975 | ||
| 082 |
_a719.36 _bDEA/WI |
||
| 100 | _aDeal,Kevin .H | ||
| 245 | _aWild life and natural resource management | ||
| 250 | _a3 | ||
| 260 |
_aUSA _bDelmar cengage learning _c2011 |
||
| 300 | _a405 | ||
| 650 | _aHuman imact on wild life | ||
| 650 | _aImportance of natural resources | ||
| 942 |
_2ddc _cREF |
||
| 999 |
_c21465 _d21465 |
||